|
|
|
|
| LEADER |
00000nam a2200000 i 4500 |
| 001 |
ELB223213 |
| 003 |
FINmELB |
| 005 |
20221128124337.0 |
| 006 |
m o u |
| 007 |
cr cn||||||||| |
| 008 |
221128s2019 sp o 000 1 spa d |
| 020 |
|
|
|z 9788468541082
|
| 020 |
|
|
|a 9788468541099
|q (e-book)
|
| 035 |
|
|
|a (OCoLC)1355711394
|
| 040 |
|
|
|a FINmELB
|b spa
|e rda
|c FINmELB
|
| 050 |
1 |
4 |
|a PJ5129.P413
|b C129 2019
|
| 080 |
|
|
|a 892.4-3
|
| 082 |
0 |
4 |
|a 839.133
|2 23
|
| 100 |
1 |
|
|a Cafiero, Giuseppe,
|e autor.
|
| 245 |
1 |
0 |
|a De ambiguitate /
|c Giuseppe Cafiero ; traducción de M. Marín Ramírez.
|
| 264 |
|
1 |
|a Madrid :
|b Bubok Publishing,
|c 2019.
|
| 300 |
|
|
|a 1 recurso en línea (689 páginas)
|
| 336 |
|
|
|a texto
|b txt
|2 rdamedia/spa
|
| 337 |
|
|
|a computadora
|b c
|2 rdamedia/spa
|
| 338 |
|
|
|a recurso en línea
|2 rdacarrier/spa
|
| 588 |
|
|
|a Descripción basada en metadatos suministrados por el editor y otras fuentes.
|
| 590 |
|
|
|a Recurso electrónico. Santa Fe, Arg.: elibro, 2022. Disponible vía World Wide Web. El acceso puede estar limitado para las bibliotecas afiliadas a elibro.
|
| 650 |
|
0 |
|a Jewish fiction.
|
| 650 |
|
0 |
|a Historical fiction.
|
| 650 |
|
4 |
|a Literatura judía.
|
| 650 |
|
4 |
|a Novela histórica.
|
| 655 |
|
4 |
|a Libros electrónicos.
|
| 700 |
1 |
|
|a Marín Ramírez, M.,
|e traductor.
|
| 797 |
2 |
|
|a elibro, Corp.
|
| 856 |
4 |
0 |
|u https://elibro.uam.elogim.com/ereader/bidiuam/223213
|z Texto completo
|